000 00258nam a2200109Ia 4500
008 190216s9999||||xx |||||||||||||| ||und||
100 _aVivekanandan G
245 0 _aYakshi Parambu
260 _bMangalodhayam Publications
650 _aMalayalam
942 _cBK
999 _c24033
_d24033